[Event "Naukograd Koltsovo op"]
[Site "Novosibirsk"]
[Date "2009.06.28"]
[Round "1"]
[White "Habarov, Sergey"]
[Black "Pronin, Denis"]
[Result "1-0"]
[WhiteElo "2170"]
[BlackElo "1843"]
[PlyCount "103"]
[EventDate "2009.06.28"]
[EventType "swiss"]
[EventRounds "9"]
[EventCountry "RUS"]
[SourceTitle "EXT 2021"]
[Source "ChessBase"]
[SourceDate "2020.10.23"]
[SourceVersion "1"]
[SourceVersionDate "2020.10.23"]
[SourceQuality "1"]

1. e4 c5 2. Nf3 Nc6 3. d4 cxd4 4. Nxd4 g6 5. Nc3 Bg7 6. Be3 Nf6 7. Bc4 Qa5 8. 0-0 0-0 9. Bb3 d6 10. h3 Bd7 11. f4 Nxd4 12. Bxd4 Bc6 13. Qd3 Nd7 14. Bxg7 Kxg7 15. Kh1 Nc5 16. Qd4+ Kg8 17. Bd5 Qb6 18. Rab1 Rac8 19. Bxc6 bxc6 20. e5 Ne6 21. Qd3 Rcd8 22. exd6 Rxd6 23. Qe2 Nd4 24. Qxe7 Nf5 25. Qe1 Ne3 26. Rf2 Re6 27. Qg1 Rd8 28. Re2 Rde8 29. Qf2 Qb4 30. a3 Qb8 31. b4 Nc4 32. Rxe6 Rxe6 33. f5 Rf6 34. Qd4 Ne5 35. fxg6 hxg6 36. Re1 Re6 37. Rd1 Qe8 38. a4 f5 39. Qxa7 Nf7 40. Qc7 Re1+ 41. Kh2 Rxd1 42. Nxd1 Qe1 43. a5 Ne5 44. a6 f4 45. Qd8+ Kg7 46. Qd4 Qg3+ 47. Kh1 f3 48. gxf3 Qxh3+ 49. Kg1 Qg3+ 50. Kf1 Qxf3+ 51. Nf2 Kf6 52. Qd6+ 1-0

[Event "Koltsovo Naukograd op"]
[Site "Koltsovo"]
[Date "2008.07.02"]
[Round "5"]
[White "Pronin, Denis"]
[Black "Moskalev, Alexander"]
[Result "1-0"]
[WhiteElo "1836"]
[BlackElo "1706"]
[PlyCount "61"]
[EventDate "2008.06.28"]
[EventType "swiss"]
[EventRounds "9"]
[EventCountry "RUS"]
[SourceTitle "EXT 2022"]
[Source "ChessBase"]
[SourceDate "2021.10.06"]
[SourceVersion "1"]
[SourceVersionDate "2021.10.06"]
[SourceQuality "1"]

1. c4 f5 2. Nf3 Nf6 3. g3 e6 4. Bg2 Be7 5. 0-0 0-0 6. Nc3 c6 7. d3 d5 8. e4 Bd7 9. Qe2 Re8 10. Bf4 h6 11. h4 Ng4 12. cxd5 exd5 13. exd5 Bb4 14. Qc2 Bxc3 15. Qxc3 cxd5 16. Nd4 Bc6 17. Nxf5 Qd7 18. Nd4 Nf6 19. b4 Na6 20. Rab1 Rac8 21. Qb2 Ba4 22. a3 Nh7 23. Rfe1 Nf6 24. Rbc1 Nc7 25. Rxe8+ Ncxe8 26. Re1 Nc7 27. Nf3 Ne6 28. Bxh6 Rc2 29. Qe5 Kf7 30. Bh3 Rc6 31. Ng5+ 1-0